000 00811nam a2200265 i 4500
001 bg
003 BPK
005 20190729131527.0
008 980623s1997 pl e |001 0 pol
015 _aPB 1998/7777
020 _a8386890282
040 _aWA N
_cBPK
080 _a657
080 _a(03)
100 1 _aKlimas, Mieczysław
_d(1924-2011).
_eAutor
245 1 0 _aPodręczna encyklopedia rachunkowości /
_cMieczysław Klimas.
260 _aWarszawa :
_b"Poltext",
_c1997.
300 _a571 s. ;
_c21 cm.
504 _aBibliogr. s. 551-553. - Indeks.
655 4 _aEncyklopedia
650 4 _aRachunkowość
710 2 _aWydawnictwo Poltext.
_4pbl.
942 _2UKD
_cKS
856 _uhttp://koha.tu.koszalin.pl/cgi-bin/koha/opac-detail.pl?biblionumber=32492
_yKatalog online BPK
999 _c32492
_d32492